| 000 | 01934nam a2200349 a 4500 | ||
|---|---|---|---|
| 001 | ebr10427162 | ||
| 003 | CaPaEBR | ||
| 006 | m u | ||
| 007 | cr cn||||||||| | ||
| 008 | 080911s2009 enka sb 001 0 eng | ||
| 010 | _z 2008039196 | ||
| 020 | _z9781855394650 (pbk.) | ||
| 020 | _z1855394650 (pbk.) | ||
| 040 |
_aCaPaEBR _cCaPaEBR |
||
| 035 | _a(OCoLC)676699795 | ||
| 043 | _ae-uk--- | ||
| 050 | 1 | 4 |
_aLC3997.G7 _bG74 2009eb |
| 082 | 0 | 4 |
_a371.950941 _222 |
| 100 | 1 | _aGoodhew, Gwen. | |
| 245 | 1 | 0 |
_aMeeting the needs of gifted and talented students _h[electronic resource] / _cGwen Goodhew. |
| 260 |
_aLondon ; _aNew York : _bNetwork Continuum, _c2009. |
||
| 300 |
_ax, 147 p. : _bill. |
||
| 490 | 1 | _aMeeting the needs series | |
| 504 | _aIncludes bibliographical references (p. 139-144) and index. | ||
| 505 | 0 | _aIntroduction -- What do we mean by gifted, talented and exceptionally able? -- Identifying gifted and talented children -- School-wide strategies for supporting gifted and talented children -- Providing for gifted and talented pupils at classroom level -- Three important issues: exceptional ability (EA); literacy; ICT -- Gifted and talented children with additional needs -- Appendix 1. Institutional quality standards in gifted and talented education -- Appendix 2. Acceleration checklist -- Appendix 3. Opportunities and support for gifted and talented students -- Appendix 4. Essential online resources for teachers. | |
| 533 |
_aElectronic reproduction. _bPalo Alto, Calif. : _cebrary, _d2013. _nAvailable via World Wide Web. _nAccess may be limited to ebrary affiliated libraries. |
||
| 650 | 0 |
_aGifted children _xEducation _zGreat Britain. |
|
| 655 | 7 |
_aElectronic books. _2local |
|
| 710 | 2 | _aebrary, Inc. | |
| 830 | 0 | _aMeeting the needs series. | |
| 856 | 4 | 0 |
_uhttp://site.ebrary.com/lib/rucke/Doc?id=10427162 _zAn electronic book accessible through the World Wide Web; click to view |
| 999 |
_c240304 _d240304 |
||